000 00317nam a22001457a 4500
008 210308b ||||| |||| 00| 0 eng d
020 _a9781572305465
041 _aeng
080 _a37
082 _a37
100 _a25
101 _aEDU
245 _aExploring the Literature of Fact
_cMoss, B
942 _2udc
_cBK
999 _c55941
_d55941